000 00539nam a2200193Ia 4500
008 240510s9999 xx 000 0 und d
020 _a0003540424342
041 _aEng
082 _a006.3
082 _bI57
100 _aYuan, Soe-Tsyr
245 0 _aIntelligent Agents: Specification, Modeling and Applications: Lecture notes in artificial intelligence:Proceedings
260 _bSpringer: Tokyo
260 _c2001
300 _a236 p.
650 _aartificial intelligence : intelligent agents
942 _2ddc
942 _cLBK
999 _c27452
_d27452
945 _a1
_bMadushi Gamage
_c1
_dMadushi Gamage